MARC

LEADER 00000nbm0a2200000 4500
001 178961
005 20231101223435.0
035 |a (RuTPU)RU\TPU\book\193982 
090 |a 178961 
100 |a 20100413d1969 km y0rusy50 ca 
101 0 |a rus 
102 |a RU 
105 |a a z 001zy 
200 1 |a Атлас электронных микрофотографий природного органического вещества гумусового типа и его соединений с ионами металов  |f Р. С. Солодовникова [и др.]  |g Томский политехнический институт (ТПИ) 
210 |a Томск  |d 1969 
215 |a 154 с.  |c ил. 
300 |a Работа представлена на ВДНХ 
320 |a Библиогр.: с. 149-153. 
606 |a Геохимическое картирование  |2 stltpush  |3 (RuTPU)RU\TPU\subj\72092  |9 85679 
610 1 |a рукописные работы 
610 1 |a труды учёных ТПУ 
610 1 |a атласы 
610 1 |a электронные микрофотографии 
610 1 |a органические вещества 
610 1 |a гумусовые вещества 
610 1 |a ионы металлов 
610 1 |a гуматы металлов 
610 1 |a структурные особенности 
675 |a 550.84(084)  |v 3 
701 1 |a Солодовникова  |b Р. С. 
701 1 |a Янкина  |b Р. Н. 
701 1 |a Лисовик  |b Э. С. 
701 1 |a Удодов  |b П. А. 
701 1 |a Серебренников  |b В. В. 
701 1 |a Лукин  |b А. А. 
712 0 2 |a Томский политехнический институт (ТПИ)  |c (1944-1991)  |2 stltpush  |3 (RuTPU)RU\TPU\col\1123 
801 1 |a RU  |b 63413507  |c 20100413 
801 2 |a RU  |b 63413507  |c 20180219  |g RCR 
942 |c BK